Термическая переработка отходов мукомольного производства; Наука. Технологии. Инновации; Ч. 4 : Энергетика

Dades bibliogràfiques
Parent link:Наука. Технологии. Инновации: сборник научных трудов XIII Всероссийской научной конференции молодых ученых , Новосибирск, 2-6 декабря 2019 г./ Новосибирский государственный технический университет (НГТУ).— , 2019
Ч. 4 : Энергетика.— 2019.— [С. 249-253]
Autor principal: Прохватилов Е. А. Егор Александрович
Autor corporatiu: Национальный исследовательский Томский политехнический университет Инженерная школа энергетики Научно-образовательный центр И. Н. Бутакова (НОЦ И. Н. Бутакова)
Altres autors: Кузьменко Н. С. Никита Сергеевич, Астафьев А. В. Александр Владимирович
Sumari:Заглавие с экрана
В работе представлены результаты термической переработки отрубей в режимах быстрого и медленного пиролиза.
Comparison of fast and slow pyrolysis of bio-mass, for example, bran. Estimation of the percentage of output pyrolysis products.
Idioma:rus
Publicat: 2019
Matèries:
Accés en línia:https://lomonosov-msu.ru/file/event/5809/eid5809_attach_29b2aa6d299c01f933cb3e91be63974420f35615.pdf#page=250
Format: MixedMaterials Electrònic Capítol de llibre
KOHA link:https://koha.lib.tpu.ru/cgi-bin/koha/opac-detail.pl?biblionumber=661764

MARC

LEADER 00000naa0a2200000 4500
001 661764
005 20250829145126.0
035 |a (RuTPU)RU\TPU\network\32633 
035 |a RU\TPU\network\32632 
090 |a 661764 
100 |a 20200214d2019 k y0rusy50 ca 
101 0 |a rus 
102 |a RU 
135 |a drcn ---uucaa 
181 0 |a i  
182 0 |a b 
200 1 |a Термическая переработка отходов мукомольного производства  |f Е. А. Прохватилов, Н. С. Кузьменко, А. В. Астафьев 
203 |a Текст  |c электронный 
300 |a Заглавие с экрана 
320 |a [Библиогр.: 4 назв.] 
330 |a В работе представлены результаты термической переработки отрубей в режимах быстрого и медленного пиролиза. 
330 |a Comparison of fast and slow pyrolysis of bio-mass, for example, bran. Estimation of the percentage of output pyrolysis products. 
461 |t Наука. Технологии. Инновации  |o сборник научных трудов XIII Всероссийской научной конференции молодых ученых , Новосибирск, 2-6 декабря 2019 г.  |o в 9 ч.  |f Новосибирский государственный технический университет (НГТУ)  |d 2019 
463 |t Ч. 4 : Энергетика  |v [С. 249-253]  |d 2019 
610 1 |a электронный ресурс 
610 1 |a труды учёных ТПУ 
610 1 |a термическая переработка 
610 1 |a отходы 
610 1 |a мукомольные заводы 
700 1 |a Прохватилов  |b Е. А.  |g Егор Александрович 
701 1 |a Кузьменко  |b Н. С.  |g Никита Сергеевич 
701 1 |a Астафьев  |b А. В.  |c специалист в области теплоэнергетики  |c лаборант Томского политехнического университета  |f 1994-  |g Александр Владимирович  |3 (RuTPU)RU\TPU\pers\34149 
712 0 2 |a Национальный исследовательский Томский политехнический университет  |b Инженерная школа энергетики  |b Научно-образовательный центр И. Н. Бутакова (НОЦ И. Н. Бутакова)  |3 (RuTPU)RU\TPU\col\23504 
801 2 |a RU  |b 63413507  |c 20200214  |g RCR 
856 4 |u https://lomonosov-msu.ru/file/event/5809/eid5809_attach_29b2aa6d299c01f933cb3e91be63974420f35615.pdf#page=250 
942 |c CF